00329nam a2200157Ia 4500008004100000041000800041100001000049245001700059260001700076300000800093365001300101500000900114520001900123650001000142999001900152230605s9999 xx 000 0 und d aeng aanand aI love curry bQuantum pub  a175 b1947h10 a2097 aReference Copy aF. P. c419227d419227